Heterosis: Reappraisal of Theory and practice

Đã lưu trong:
書目詳細資料
格式: 圖書
語言:Undetermined
出版: Berlin Springer-Verlag 1983
主題:
標簽: 添加標簽
沒有標簽, 成為第一個標記此記錄!
Thư viện lưu trữ: Trung tâm Học liệu Trường Đại học Cần Thơ
LEADER 00439nam a2200157Ia 4500
001 CTU_38525
008 210402s9999 xx 000 0 und d
082 |a 631.523 
082 |b F829 
245 0 |a Heterosis: Reappraisal of Theory and practice 
260 |a Berlin 
260 |b Springer-Verlag 
260 |c 1983 
650 |a hybridization, vegetable 
904 |i Liên, 990423 
980 |a Trung tâm Học liệu Trường Đại học Cần Thơ